A collection of modern mathematical classics : analysis

Saved in:
Bibliographic Details
Other Authors: Bellman, Richard, 1920-1984 (Editor)
Format: Book
Language:English
Published: New York : Dover, 1961
Subjects:
Tags: Add Tag
No Tags, Be the first to tag this record!

MARC

LEADER 00000cam a2200000 i 4500
001 1/12125
008 110225s1961 eng d
035 |l 10109668 
040 |a GR-MY-UA  |b gre  |e aacr 
041 0 |a eng 
082 0 |a 510  |2 (22) 
245 1 2 |a A collection of modern mathematical classics :  |b analysis /  |c edited by Richard Bellman 
246 3 3 |a Modern mathematical classics 
260 |a New York :   |b Dover,   |c 1961 
300 |a 292 σ.;  |b εικ.;  |c 24 εκ. 
504 |a Περιέχει βιβλιογραφία 
650 0 0 |a Mathematics. 
700 1 |a Bellman, Richard,   |d 1920-1984.  |4 edt 
852 |a INST  |b SAMOS  |c MAG  |e 20110225  |h 510 BEL  |p 005300032990  |q 005300032990  |t BK  |y 0 
901 |a BIBL3-2011-1 
909 |a Σ  |b 166284 
970 |a ΓΟΥΒΑΛΑ  |b ΒΑΣΩ  |z 2011/02/25